| 000 | 00595 a2200169 4500 | ||
|---|---|---|---|
| 040 | _aULA-LD-MS | ||
| 082 |
_b043.2 658.3/MAT/P _m3 |
||
| 100 |
_91095 _aMATONDO, Lucano Boidel Daniel Manuel |
||
| 245 |
_aOprocesso De Acolhimento E Integração Do Novo Funcionário Na Organização. _bEstudo de Caso: Empresa Vidreira de Angola (VIDRUL) 2018 - 2019 |
||
| 250 | _a1ª Edição | ||
| 260 |
_aLuanda/Angola _cLuanda, 2021 |
||
| 300 | _a111p. | ||
| 600 | 0 | _aMATONDO, Lucano Boidel Daniel Manuel | |
| 650 | _aRecursos Humanos | ||
| 700 | _aLucano Boidel Daniel Manuel Matondo | ||
| 942 | _cTFC | ||
| 999 |
_c2271 _d2271 |
||